000 01540nam a2200421Ia 4500
001 ebr10553988
003 CaPaEBR
006 m u
007 cr cn|||||||||
008 110926s2012 lau sb s001 0 eng d
010 _z 2011037857
020 _z0807144010
020 _z0807144029
020 _z0807144037
020 _z0807144045
020 _z0807144681
020 _z9780807144015
020 _z9780807144022
020 _z9780807144039
020 _z9780807144046
020 _z9780807144688
040 _aCaPaEBR
_cCaPaEBR
035 _a(OCoLC)794490950
050 1 4 _aF209
_b.P37 2012eb
100 1 _aPerman, Michael.
245 1 4 _aThe Southern political tradition
_h[electronic resource] /
_cMichael Perman.
260 _aBaton Rouge :
_bLouisiana State University Press,
_cc2012.
300 _ax, 116 p.
490 1 _aWalter Lynwood Fleming lectures in southern history
504 _aIncludes bibliographical references and index.
533 _aElectronic reproduction.
_bPalo Alto, Calif. :
_cebrary,
_d2013.
_nAvailable via World Wide Web.
_nAccess may be limited to ebrary affiliated libraries.
650 0 _aPolitical culture
_zSouthern States
_xHistory.
651 0 _aSouthern States
_xPolitics and government.
655 7 _aElectronic books.
_2local
710 2 _aebrary, Inc.
830 0 _aWalter Lynwood Fleming lectures in southern history.
856 4 0 _uhttp://site.ebrary.com/lib/rucke/Doc?id=10553988
_zAn electronic book accessible through the World Wide Web; click to view
999 _c196768
_d196768